| 000 | 01057cgm a2200277 4500 | ||
|---|---|---|---|
| 008 | 090401t1992 xxu||||| |||| 00| 0 eng d | ||
| 020 | _a0947763589 | ||
| 035 | _a(Sirsi) u61207 | ||
| 041 | _aeng | ||
| 050 |
_a711.1 _c18 |
||
| 100 | _aComerford, John | ||
| 245 |
_aPlanning gain - the operations of the system and recent reforms _ba CPD study pack. |
||
| 260 |
_aReading _bCollege of Estate Management _c1992 |
||
| 300 |
_av, 24p. _c30cm. + 1 audio cassette (ca. 60 min.) |
||
| 350 | _a0 | ||
| 490 | _aCollege of Estate Management CPD Study Pack | ||
| 520 | _aAims to explain the system of planning barganing and negotiating between developers and planning officers. | ||
| 520 | _aAccompanied by Owlion Audio Programme entitled "Planning gain/planning obligations" which is available to borrow seperately (J712). | ||
| 520 | _aWithdrawn September 2007. | ||
| 650 | _aPLANNING GAIN | ||
| 690 | _aPLANNING LAW AND PRACTICE | ||
| 700 | _aStubbs, Michael | ||
| 710 |
_aCollege of Estate Management _9400 |
||
| 942 | _n0 | ||
| 948 | _c04/03/1997 | ||
| 999 |
_c85321 _d85321 |
||